00477nam a22001697a 450000500170000000800410001702000180005804000210007604100080009708200160010510000240012124500690014525000120021426000390022630000100026565000320027520260327061218.0260327b |||||||| |||| 00| 0 eng d a9788198180490 aIN-DiNCcIN-DiNC deng a954.16bLOY aLoyi, Jommieauthor aGlimpses of the history of North East India 1972/cby Jommi Loyi a1st ed. aMeerut:bBalaji publishers,c2025. a340p. aHistory of North East India